| 000 | | | 04049nmc2a22002653x 450 |
| 001 | | | f264e414-8f06-424d-a787-f5f44be83bf5 |
| 005 | | | 20260212032407.0 |
| 100 | ## | $a | 20250819l18341837k l0rusy0189 ca |
| 101 | 0# | $a | rus |
| 102 | ## | $a | RU |
| 105 | ## | $a | y### |
| 122 | 2# | $a | d |
| 200 | 1# | $a | Дело по ревизии отчета Казанского университета |
| | $j | 22 июля 1834 г. - 8 августа 1837 г. |
| 215 | ## | $a | 121 л. |
| | $d | 36,5х26 см |
| 251 | ## | $c | Дело |
| 300 | ## | $a | На бланке обложки указано: "Отделение третье. Стол контрольный" |
| 300 | ## | $a | Ориг. заголовок дела: Дело: Продолжение по обревизованию Казанского университета с 22 июля 1834 года. 22 июля 1834 г. - 8 августа 1837 г |
| 371 | ## | $a | Документ не является опубликованным и широко распространяемым |
| 461 | #0 | $1 | 001a74412a3-3cc5-4d21-8f0a-dfe2fbd9e72d |
| | $1 | 2001 |
| | $a | Департамент народного просвещения Министерства народного просвещения (1803-1917) |
| | $1 | 251 |
| | $c | Фонд |
| | $1 | 852 |
| | $j | 733 |
| 462 | #0 | $1 | 001a6622fb3-31f3-4f49-aac3-243f6793e8d6 |
| | $1 | 2001 |
| | $a | Дела Департамента народного просвещения за 1818-1862 годы |
| | $1 | 251 |
| | $c | Опись |
| | $1 | 852 |
| | $j | 113 |
| 517 | 1# | $a | Дело: Продолжение по обревизованию Казанского университета с 22 июля 1834 года. 22 июля 1834 г. - 8 августа 1837 г |
| 801 | #0 | $a | RU |
| | $b | РГИА |
| | $c | 20250819 |
| | $g | RCR |
| 801 | #1 | $a | RU |
| | $b | ГлавНИВЦ |
| | $c | 20250819 |
| | $2 | rusmarc |
| 801 | #2 | $a | RU |
| | $b | ПБ им. Б.Н. Ельцина |
| | $c | 20260212 |
| | $g | RCR |
| | $2 | rusmarc |
| 850 | ## | $a | РГИА |
| 852 | ## | $a | РГИА |
| | $e | Федеральное казенное учреждение "Российский государственный исторический архив" (РГИА) |
| | $j | 92 |
| 937 | ## | $h | РГИА |
| | $d | 12094732 |
| | $a | ASBIBLIO_SCAN |
| 035 | ## | $a | RusGRCC00089247 |
| 856 | ## | $u | http://readingroom.main.prlib.ru/item.aspx?id_node=n200462486&mode=full |